000 00470nam a22001697a 4500
999 _c478376
_d478376
003 NUST
005 20180525051908.0
008 180525b ||||| |||| 00| 0 eng d
020 _a9780195780819
038 _aSNS Library
082 _a540
100 _aMichael Clugston Rosalind Flemming
_910517
245 _aChemistry
_cMichael Clugston Rosalind Flemming
260 _aSouth Africa
_bOxford University Press
_c2002
300 _a616 p.
_bPb.
942 _2ddc
_cBK